000 00206 a2200097 4500
001 3204
100 _aKotelawala, J
245 _aAsian prime menisters story
260 _a
_bHarrap
_c
090 _c2484
_d2484
942 _aNUST-CAE
_cM
_c16491
999 _c238277
_d238277